logo

Bir Sreshtho Munshi Abdur Rouf Library
Jhenaidah Cadet College

The complete book of camping / (Record no. 9978)

MARC details
000 -LEADER
fixed length control field 00679cam a22002532i 4500
001 - CONTROL NUMBER
JCCL Control Number 9978
003 - CONTROL NUMBER IDENTIFIER
JCCL marc code BD-JhCC
005 - DATE AND TIME OF LATEST TRANSACTION
control field 20180404165632.0
008 - FIXED-LENGTH DATA ELEMENTS--GENERAL INFORMATION
fixed length control field 180404s1972 nyua 000 0 eng d
035 ## - SYSTEM CONTROL NUMBER
system control number OCLC ocm02175154 from D950912M
-- (BD-JhCC)9978
040 ## - CATALOGING SOURCE
Original cataloging agency DVP
Transcribing agency DVP
Modifying agency EQO
-- 9977
041 ## - LANGUAGE CODE
Language code of Book eng
082 ## - DEWEY DECIMAL CLASSIFICATION NUMBER
Author mark and Year GOU 1972
Classification number 796.54
090 ## - LOCALLY ASSIGNED LC-TYPE CALL NUMBER (OCLC); LOCAL CALL NUMBER (OCLC)
Classification number (OCLC) (R) ; Classification number, CALL (RLIN) (NR) SK601
Local cutter number (OCLC) ; Book number/undivided call number, CALL (RLIN) .G685
100 1# - MAIN ENTRY--PERSONAL NAME
Personal name Gould, Heywood.
245 14 - TITLE STATEMENT
Title The complete book of camping /
Statement of responsibility, etc Illustrated by B. North
260 ## - PUBLICATION, DISTRIBUTION, ETC. (IMPRINT)
Place of publication, distribution, etc New York :
Name of publisher, distributor, etc New American Library,
Date of publication, distribution, etc 1972.
300 ## - PHYSICAL DESCRIPTION
Pagination 156 p. :
Other physical details ill. ;
Dimensions 19 cm
490 1# - SERIES STATEMENT
Series statement Signet book
650 #0 - SUBJECT ADDED ENTRY--TOPICAL TERM
Topical term or geographic name as entry element Camping
830 #0 - SERIES ADDED ENTRY--UNIFORM TITLE
Uniform title Signet book
942 ## - ADDED ENTRY ELEMENTS (KOHA)
Source of classification or shelving scheme Dewey Decimal Classification
Koha item type Books
Holdings
Source of classification or shelving scheme Damaged status Not for loan Home library Current library Shelving location Date of accession Total Checkouts Full call number Barcode Date last seen Copy number Koha item type
Dewey Decimal Classification     JCC Rouf Library JCC Rouf Library General Stacks 04/04/2018   796.54 GOU 1972 12963 04/04/2018 C-1 Books

JCC Library | Contacts | JCC Home

Last Update on 23 September 2017
Copyright @ 2017-2020 JCC Rouf Library
Rouf Library, Jhenidah Cadet College (JCC), Bangladesh